Najveći gradovi Vojvodine-Biggest cities in Vojvodina - Statistics

General Stats
  • This quiz has been taken 459 times
  • The average score is 11 of 20
Answer Stats
# stanovnika grad % Correct
258881 Novi sad
99%
97910 Subotica
90%
47623 Sombor
77%
76511 Zrenjanin
76%
38065 Kikinda
69%
76203 Pančevo
69%
37751 Sremska Mitrovica
68%
36040 Vršac
65%
28239 Bačka Palanka
59%
30076 Ruma
55%
26025 Inđija
51%
17411 Apatin
49%
23895 Bečej
49%
24112 Vrbas
48%
18602 Stara Pazova
46%
18704 Senta
41%
17866 Kula
38%
17105 Nova Pazova
37%
19661 Temerin
30%
18641 Futog
25%
No matching quizzes found
Score Distribution
Percent of People with Each Score
Percentile by Number Answered
Your Score History
You have not taken this quiz